| 000 | 00582nam a2200217Ia 4500 | ||
|---|---|---|---|
| 008 | 101110s9999 xx 000 0 und d | ||
| 041 | _aENGLISH | ||
| 082 | _bSR32830 | ||
| 100 | _aBhattacharya,Ira,Rao,Leena Sharma,R.K.Yadav,B.S. Patil,S.K.& others | ||
| 245 | _aOrganic chemistry SYBSC | ||
| 260 |
_c2009 _bSheth publishers pvt.ltd.Mumbai |
||
| 300 | _a299 | ||
| 365 | _b110 | ||
| 520 | _aChemistry | ||
| 546 | _aENGLISH | ||
| 630 | _aOrganic chemistry SYBSC | ||
| 650 | _aChemistry | ||
| 655 | _aChemistry | ||
| 730 | _aOrganic chemistry SYBSC | ||
| 942 | _cBOOK | ||
| 999 |
_c825331 _d825328 |
||